03691nam a2200241 4500003000900000005001700009008004100026040002800067041000800095100004900103245032700152260006000479300003600539502023300575504006300808505034200871520177801213650016602991650014903157700004703306700004403353700005203397DO-SdBJH20260702221800.0260623b2025 |||ad||| |||| 00| 0 spa d aDO-SdBJHbspacDO-SdBJH0 aspa1 aTerrero Hernández, Jorge Luisesustentante10aAnálisis de factibilidad para la instalacion de sistema fotovoltaico en edificio que alberga la comandancia :bgeneral de la Fuerza Aérea de República Dominicana /cJorge Luis Terrero Hernández, Luis Emilio Miranda Quintana ; asesor metodológico Eliseo Méndez ; asesor de contenido Rafael Jacobo Mencía Cury. aSanto Domingo, República Dominicana :bUNADE, c2025. axv, 76 páginas :bGráficas. aTesis y trabajo de grado (Especialidad en Comando y Estado Mayor Aéreo) -- Universidad Nacional para la Defensa "General Juan Pablo Duarte y Díez", Escuela de Graduados de Comando y Estado Mayor Aéreo, Santo Domingo, 2025. aIncluye referencias bibliográficas, apéndice y anexos. aSistema energético de la Fuerza Aérea de República Dominicana y su relación con la energía fotovoltaica --Análisis de factibilidad para la instalación de un Sistema Fotovoltaico en el edificio de la comandancia general de la Fuerza Aérea de la República Dominicana --Evaluación integral de la viabilidad del proyecto. aLa presente investigación analiza la viabilidad de implementar un sistema de energía solar fotovoltaica en el edificio que alberga la Comandancia General de la Fuerzas Aerea de República Dominicana (FARD), como respuesta a las limitaciones estructurales, operativas y ambientales del modelo energético convencional que actualmente sostiene su funcionamiento. El sistema vigente depende de la red electrónica nacional y del uso continuo de generadores de diésel, lo cual genera elevados costos de operación, exposición a interruptores del servicio y un impacto ambiental desfavorable. El estudio se enmarca en un enfoque mixto, con un diseño no experimental de tipo descriptivo. La información fue recopilada mediante entrevistas semiestructuradas realizadas a oficiales ingenieros de la FARD, quienes aportaron datos técnicos sobre el consumo energético, las condiciones de la infraestructura y las capacidades e institucionales para una transición energética. Esta información fue contrastada con fuentes documentales oficiales del Estado dominicano, incluyendo normas del sector energético, estudios técnicos y lineamientos ambientales vigentes. El análisis permitió identificar que existen condiciones físicas y operativas favorables para la instalación de paneles solares así como una necesidad institucional de reducir la dependencia del sistema electrónico interconectado. La propuesta se alinea con las políticas nacionales de sostenibilidad energética y contribuye a mejorar la eficacia en el uso de los recursos políticos. asimismo, se contempla un modelo de implementación progresiva que refuerce la autonomía operativa de la FARTD, sin comprometer su seguridad ni su capacidad de respuesta estratégica.  72lembaEnergía solar fotovoltaicavTesis y disertaciones académicasxAplicaciones en instalaciones militaresxEstudios de factibilidadzRepública Dominicana 72lembaFuerza AéreavTesis y disertaciones académicasxAbastecimiento de energíaxAdministración de instalacioneszRepública Dominicana1 aMiranda Quintana, Luis Emilioesustentante1 aMéndez, Eliseoeasesor metodológico1 aMencia Cury, Rafael Jacoboeasesor de contenido